Welcome to the Holygrace Academy Library

Please use search bar below to get started

THE SOUND AND THE FURY (Record no. 3264)

MARC details
000 -LEADER
fixed length control field 00629nam a22001457a 4500
020 ## - INTERNATIONAL STANDARD BOOK NUMBER
ISBN 978-0-099-47501-9
082 ## - DEWEY DECIMAL CLASSIFICATION NUMBER
Classification number 823
Item number FAU/S
100 ## - MAIN ENTRY--AUTHOR NAME
Personal name FAULKNER
245 ## - TITLE STATEMENT
Title THE SOUND AND THE FURY
260 ## - PUBLICATION, DISTRIBUTION, ETC. (IMPRINT)
Place of publication LONDON
Name of publisher VINTAGE BOOKS
Year of publication 1995
300 ## - PHYSICAL DESCRIPTION
Number of Pages 271
520 ## - SUMMARY, ETC.
Summary, etc The Sound and the Fury, novel by William Faulkner, published in 1929, that details the destruction and downfall of the aristocratic Compson family from four different points of view. Faulkner's fourth novel, The Sound and the Fury is notable for its nonlinear plot structure and its unconventional narrative style
650 ## - SUBJECT ADDED ENTRY--TOPICAL TERM
Topical Term NOVEL
Geographic subdivision UNITED KINGDOM
942 ## - ADDED ENTRY ELEMENTS (KOHA)
Koha item type Books
Holdings
Withdrawn status Lost status Collection code Home library Current library Shelving location Date acquired Source of acquisition Full call number Accession Number Koha item type
    Fiction Main Library Main Library SHELF-14E- ALPHABETICAL -E,F,G --ENGLISH NOVELS & FICTIONS 16/01/2019 purchase 823 FAU/S 10451 Books